Pierwsze państwa, które świętują Nowy Rok - Statystyki

Ogólne statystyki
  • Ten quiz został rozwiązany 1 737 razy
  • Średni wynik to 16 z 20
Statystyki odpowiedzi
Czas Państwo % Poprawnych
+3:30 Australia
(Wyspa Lord Howe)
96%
+1:15 Nowa Zelandia
(Wyspa Chatham)
93%
+5:00 Japonia
92%
+5:00 Indonezja
83%
+3:00 Papua Nowa GwInea
81%
+2:00 Rosja
81%
Pierwsze Państwo Kiribati
80%
+2:00 Fidżi
79%
+2:00 Wyspy Marshalla
79%
+3:00 Vanuatu
77%
+3:00 Wyspy Salomona
77%
+5:00 Korea Południowa
75%
+3:00 Mikronezja
75%
+5:00 Palau
75%
+1:00 Samoa
75%
+2:00 Tuvalu
75%
+2:00 Nauru
74%
+5:00 Korea Północna
73%
+1:00 Tonga
70%
+5:00 Timor Wschodni
63%
Nie znaleziono quizów pasujących do podanych kryteriów
Rozkład punktacji
Procent ludzi z każdym wynikiem
Percentyl według liczby udzielonych odpowiedzi
Twoja historia wyników
Nie rozwiązałeś tego quizu